Países do Mundo - Mais tempo - Statistics

Estatísticas Gerais
  • Esse quiz foi jogado 754 vezes
  • A pontuação média é 150 de 196
Respostas no mapa
Respostas codificadas por cores de uma escala verde-vermelha no mapa do quiz de acordo com a % correta abaixo.
 
Estatísticas das Respostas
País % Correto
Brasil
96%
Estados Unidos
95%
Argentina
94%
Canadá
94%
Chile
94%
Bolívia
93%
Colômbia
93%
México
93%
Paraguai
93%
Peru
93%
Venezuela
93%
Uruguai
92%
África do Sul
91%
Austrália
91%
China
91%
Equador
91%
França
91%
Alemanha
90%
Cuba
90%
Dinamarca
90%
Espanha
90%
Guiana
90%
Panamá
90%
Rússia
90%
Coreia do Norte
89%
Coreia do Sul
89%
Egito
89%
Itália
89%
Japão
89%
Portugal
89%
Suriname
89%
Arábia Saudita
88%
Bélgica
88%
Costa Rica
88%
Haiti
88%
Honduras
87%
Noruega
87%
Suécia
87%
Turquia
87%
Angola
86%
Argélia
86%
Áustria
86%
Cazaquistão
86%
Finlândia
86%
Índia
86%
Irlanda
86%
Islândia
86%
Madagáscar
86%
Países Baixos
86%
Reino Unido
86%
Suíça
86%
Ucrânia
86%
Afeganistão
85%
Belize
85%
Grécia
85%
Guatemala
85%
Letónia
85%
Lituânia
85%
Omã
85%
Polônia
85%
Eslováquia
84%
Eslovénia
84%
Estônia
84%
Indonésia
84%
Irão
84%
Jamaica
84%
Marrocos
84%
Albânia
83%
Bahamas
83%
Chipre
83%
Croácia
83%
El Salvador
83%
Emirados Árabes Unidos
83%
Mongólia
83%
Nicarágua
83%
Nova Zelândia
83%
Paquistão
83%
República Dominicana
83%
Vaticano
83%
Romênia
82%
Armênia
81%
Bielorrússia
81%
Hungria
81%
República Democrática do Congo
81%
Zâmbia
81%
Bósnia e Herzegovina
80%
Guiné
80%
Iraque
80%
Israel
80%
República Checa
80%
República do Congo
80%
Sérvia
80%
Andorra
79%
Bulgária
79%
Butão
79%
Camarões
79%
Catar
79%
Nepal
79%
Níger
79%
Nigéria
79%
Papua Nova Guiné
79%
Uzbequistão
79%
Filipinas
78%
Jordânia
78%
Sudão
78%
Tunísia
78%
Cabo Verde
77%
Etiópia
77%
Laos
77%
Malta
77%
Somália
77%
Dominica
76%
Geórgia
76%
Líbia
76%
Luxemburgo
76%
Macedónia do Norte
76%
Mônaco
76%
Senegal
76%
Síria
76%
Tailândia
76%
Turquemenistão
76%
Vietname
76%
Fiji
75%
Líbano
75%
Zimbábue
75%
Antígua e Barbuda
74%
Gana
74%
Iémen
74%
Kosovo
74%
República Centro-Africana
74%
Sudão do Sul
74%
Tajiquistão
74%
Moldávia
73%
Barbados
72%
Estados Federados da Micronésia
72%
Maldivas
72%
Montenegro
72%
Sri Lanka
72%
Taiwan
72%
Bangladesh
71%
Quênia
71%
Camboja
70%
Ilhas Marshall
70%
Quirguistão
70%
Santa Lúcia
70%
Malásia
69%
San Marino
69%
São Tomé e Príncipe
69%
Guiné Equatorial
68%
Ilhas Salomão
68%
São Cristóvão e Nevis
68%
Tanzânia
68%
Lesoto
67%
Moçambique
67%
Mali
66%
Trinidad e Tobago
66%
Guiné-Bissau
65%
Azerbaijão
64%
Botswana
64%
Granada
64%
Palau
64%
Brunei
63%
Singapura
62%
Birmânia
61%
Costa do Marfim
61%
Libéria
61%
Mauritânia
61%
Ruanda
61%
Tuvalu
61%
Vanuatu
61%
Chade
60%
Togo
60%
Tonga
60%
Nauru
59%
Serra Leoa
59%
Kuweit
58%
Samoa
58%
Seychelles
58%
Eritreia
57%
Kiribati
57%
Uganda
57%
Liechtenstein
56%
Maurícia
56%
São Vicente e Granadinas
56%
Comores
55%
Essuatíni
55%
Gabão
55%
Namíbia
55%
Burkina Faso
54%
Gâmbia
53%
Malawi
53%
Benim
52%
Burundi
52%
Timor-Leste
52%
Bahrein
50%
Djibouti
50%
Nenhum quiz correspondente encontrado
Distribuição das Pontuações
Porcentagem de Pessoas com Cada Pontuação
Percentil de Números Respondidos
Sua Pontuação Histórica
Você não jogou esse quiz